El Context sòcio-familiar en l'educació de l'infant / H. R. Schaffer
Descripción Física:
37 p. ; 21'5 cm
Colección:
Temes d'infància ; 13
Materias:
Infants -- Psicologia
MARC
| LEADER | 00000nam a2200000Ia 4500 | ||
|---|---|---|---|
| 001 | 9553 | ||
| 008 | 160829s1990 xx 000 0 cat d | ||
| 080 | |a FU-5-13 | ||
| 100 | |a Schaffer, H. R. |9 29167 | ||
| 245 | |a El Context sòcio-familiar en l'educació de l'infant / H. R. Schaffer | ||
| 260 | |a Barcelona : |b A.A.P.S.A. Rosa Sensat : |b Diputació de Barcelona, |c 1990 | ||
| 300 | |a 37 p. ; |c 21'5 cm | ||
| 490 | |a Temes d'infància ; 13 | ||
| 650 | |a Infants |x Psicologia |9 29168 | ||
| 710 | 1 | |a Barcelona (Catalunya : Província). |b Diputació |9 52408 | |
| 710 | 2 | |a Rosa Sensat (Associació) |9 54183 | |
| 901 | |a Arxiu | ||
| 942 | |n 1 | ||
| 952 | |0 0 |1 0 |4 0 |6 FU513 |7 1 |9 45084 |a Arxiu |b Arxiu |d 2016-12-01 |l 0 |o FU-5-13 |p 9553 |r 2016-12-01 00:00:00 |w 2016-12-01 |y ARXIU | ||
| 999 | |c 47704 |d 47704 | ||